00811cam a2200229 a 4500020002200000020002200022020002200044082001900066100001700085245002300102260006400125300001100189490005200200505005700252650002400309650002800333650001700361650002600378856005900404856006300463856005500526 a0521474280 (v. 1) a0521474493 (v. 2) a0521474507 (v. 3)00a398.20953bLYO1 aLyons, M. C.14aThe Arabian epic : aCambridge ;aNew York :bCambridge University Press,c1995. a3 v. ;1 aUniversity of Cambridge oriental publications ;1 av. 1. Introduction -- v. 2. Analysis -- v. 3. Texts. 0aEpic poetry, Arabic 0aLiterature and folklore 0aStorytelling 0aHeroes in literature.41uhttp://www.loc.gov/catdir/samples/cam031/94025091.html42uhttp://www.loc.gov/catdir/description/cam026/94025091.html41uhttp://www.loc.gov/catdir/toc/cam022/94025091.html